[Event "Mittelfranken Mitte-ch"]
[Site "Zirndorf"]
[Date "2016.01.04"]
[Round "4"]
[White "Effenberg, Michael"]
[Black "Faralisz, Patrick"]
[Result "1-0"]
[WhiteElo "1673"]
[BlackElo "1803"]
[PlyCount "77"]
[EventDate "2016.01.03"]
[EventType "swiss"]
[EventRounds "7"]
[EventCountry "GER"]
[SourceTitle "EXT 2018"]
[Source "ChessBase"]
[SourceDate "2017.10.13"]
[SourceVersion "1"]
[SourceVersionDate "2017.10.13"]
[SourceQuality "1"]

1. d4 d5 2. c4 c6 3. e3 Nf6 4. Nc3 a6 5. Nf3 Bf5 6. Bd3 Bg6 7. 0-0 e6 8. Ne5 Bxd3 9. Qxd3 Nbd7 10. Nxd7 Nxd7 11. Re1 Be7 12. a3 0-0 13. c5 e5 14. b4 e4 15. Qe2 Re8 16. f3 Nf6 17. fxe4 dxe4 18. Bb2 Qc7 19. Rf1 Rad8 20. Rf4 Bf8 21. Raf1 Re7 22. Rxf6 gxf6 23. Qg4+ Bg7 24. d5 h5 25. Qxh5 Re5 26. Qg4 cxd5 27. Rxf6 Qe7 28. Rf5 d4 29. Rxe5 Qxe5 30. Nxe4 Kf8 31. Bxd4 Rxd4 32. exd4 Qxd4+ 33. Nf2 Qe3 34. Qc8+ Ke7 35. Qxb7+ Kf8 36. Qc8+ Ke7 37. Qb7+ Kf8 38. Qa8+ Ke7 39. Qe4+ 1-0

[Event "Mittelfranken Mitte-ch"]
[Site "Zirndorf"]
[Date "2016.01.03"]
[Round "2"]
[White "Effenberg, Michael"]
[Black "Lingl, Peter"]
[Result "1-0"]
[WhiteElo "1673"]
[BlackElo "1449"]
[PlyCount "57"]
[EventDate "2016.01.03"]
[EventType "swiss"]
[EventRounds "7"]
[EventCountry "GER"]
[SourceTitle "EXT 2018"]
[Source "ChessBase"]
[SourceDate "2017.10.13"]
[SourceVersion "1"]
[SourceVersionDate "2017.10.13"]
[SourceQuality "1"]

1. d4 Nf6 2. c4 e5 3. e3 e4 4. Nc3 d5 5. cxd5 Bb4 6. Qa4+ c6 7. Qxb4 cxd5 8. Bb5+ Nbd7 9. Nge2 a6 10. Bxd7+ Bxd7 11. Qxb7 0-0 12. Nxd5 Bb5 13. Nxf6+ Qxf6 14. Nc3 Bd3 15. Nxe4 Qg6 16. Nc5 Rab8 17. Qf3 Bb5 18. a4 Be8 19. h4 Bc6 20. d5 Be8 21. h5 Qc2 22. Ne4 Rb4 23. Rh4 Rxa4 24. Nf6+ Kh8 25. Rhxa4 Bxa4 26. h6 g6 27. Nd7 Rg8 28. Ne5 f5 29. Nf7# 1-0

[Event "Forchheim op-B 13th"]
[Site "Forchheim"]
[Date "2014.10.05"]
[Round "5"]
[White "Effenberg, Michael"]
[Black "Rierl, Klaus"]
[Result "1/2-1/2"]
[WhiteElo "1653"]
[BlackElo "1793"]
[PlyCount "66"]
[EventDate "2014.10.03"]
[EventType "swiss"]
[EventRounds "5"]
[EventCountry "GER"]
[SourceTitle "EXT 2019"]
[Source "ChessBase"]
[SourceDate "2018.10.10"]
[SourceVersion "1"]
[SourceVersionDate "2018.10.10"]
[SourceQuality "1"]

1. d4 d5 2. c4 e6 3. Nc3 Nf6 4. Nf3 Be7 5. e3 0-0 6. Bd3 Nbd7 7. 0-0 a6 8. Re1 dxc4 9. Bxc4 b5 10. Bb3 c5 11. d5 exd5 12. Nxd5 Bb7 13. Nxe7+ Qxe7 14. e4 Rad8 15. Bg5 Ne5 16. Bd5 Bxd5 17. exd5 Nxf3+ 18. Qxf3 Qd6 19. Bxf6 Qxf6 20. Qxf6 gxf6 21. Rad1 c4 22. d6 Rfe8 23. Rxe8+ Rxe8 24. d7 Rd8 25. Kf1 Kf8 26. Rd6 Ke7 27. Rxa6 Rxd7 28. Ke2 Rd5 29. Rc6 Rh5 30. a4 bxa4 31. Rxc4 Rxh2 32. Rxa4 Rxg2 33. Rh4 Rg5 1/2-1/2

[Event "Recklinghausen op 16th"]
[Site "Recklinghausen"]
[Date "2006.10.11"]
[Round "3"]
[White "Effenberg, Michael"]
[Black "Oberste, Norbert"]
[Result "0-1"]
[WhiteElo "953"]
[BlackElo "1970"]
[PlyCount "74"]
[EventDate "2006.10.07"]
[EventType "swiss"]
[EventRounds "7"]
[EventCountry "GER"]
[SourceTitle "CBM 114 Extra"]
[Source "ChessBase"]
[SourceDate "2006.11.03"]
[SourceVersion "1"]
[SourceVersionDate "2006.11.03"]
[SourceQuality "1"]

1. d4 f5 2. Bg5 h6 3. Bh4 g5 4. e3 Nf6 5. Bg3 e6 6. Nc3 Bb4 7. Qd3 Ne4 8. Nge2 c6 9. a3 Ba5 10. b4 Nxc3 11. Nxc3 Bc7 12. f4 d5 13. Be2 Nd7 14. Bh5+ Kf8 15. 0-0 Nf6 16. Be2 Bd7 17. a4 a6 18. b5 Kg7 19. Rab1 axb5 20. axb5 Ra3 21. b6 Bxb6 22. Rxb6 Qxb6 23. Nxd5 Rxd3 24. Nxb6 Rxe3 25. Bd3 Rd8 26. Bf2 Rxd3 27. cxd3 Nd5 28. Nxd5 cxd5 29. fxg5 hxg5 30. h4 Kg6 31. hxg5 Ra8 32. Bh4 Ra3 33. Rf3 b5 34. Kf1 b4 35. Ke1 b3 36. Kd1 Ra2 37. g3 Ra1+ 0-1

[Event "Recklinghausen op 16th"]
[Site "Recklinghausen"]
[Date "2006.10.11"]
[Round "4"]
[White "Effenberg, Michael"]
[Black "Schmidt, Matthias2222"]
[Result "1/2-1/2"]
[WhiteElo "953"]
[BlackElo "1440"]
[PlyCount "90"]
[EventDate "2006.10.07"]
[EventType "swiss"]
[EventRounds "7"]
[EventCountry "GER"]
[SourceTitle "CBM 114 Extra"]
[Source "ChessBase"]
[SourceDate "2006.11.03"]
[SourceVersion "1"]
[SourceVersionDate "2006.11.03"]
[SourceQuality "1"]

1. d4 d5 2. c4 c6 3. Nc3 Nf6 4. e3 Bg4 5. Nf3 e6 6. Bd3 dxc4 7. Bxc4 Bb4 8. 0-0 Nbd7 9. Re1 Nb6 10. Bd3 Nbd5 11. Bd2 Nxc3 12. Bxc3 Bd6 13. e4 Bc7 14. e5 Nd5 15. Be2 Nxc3 16. bxc3 Ba5 17. Qd3 Bxf3 18. Bxf3 Qd7 19. Red1 Rc8 20. c4 0-0 21. d5 cxd5 22. cxd5 exd5 23. Qxd5 Qxd5 24. Bxd5 b6 25. e6 Bb4 26. exf7+ Kh8 27. g3 g6 28. Rac1 Kg7 29. Rxc8 Rxc8 30. Rd4 Bc5 31. Re4 Kf8 32. Kg2 a5 33. f4 b5 34. Kf3 Rb8 35. Kg4 Be7 36. f5 b4 37. h4 a4 38. fxg6 hxg6 39. h5 gxh5+ 40. Kxh5 b3 41. Rg4 Bd6 42. Rg8+ Ke7 43. Rxb8 Bxb8 44. axb3 axb3 45. Bxb3 Bxg3 1/2-1/2

[Event "Recklinghausen op 16th"]
[Site "Recklinghausen"]
[Date "2006.10.10"]
[Round "2"]
[White "Berthy, Andreas"]
[Black "Effenberg, Michael"]
[Result "1-0"]
[WhiteElo "1641"]
[BlackElo "953"]
[PlyCount "89"]
[EventDate "2006.10.07"]
[EventType "swiss"]
[EventRounds "7"]
[EventCountry "GER"]
[SourceTitle "CBM 114 Extra"]
[Source "ChessBase"]
[SourceDate "2006.11.03"]
[SourceVersion "1"]
[SourceVersionDate "2006.11.03"]
[SourceQuality "1"]

1. e4 e5 2. Nf3 d6 3. d4 Nc6 4. dxe5 Bg4 5. exd6 Bxd6 6. Be2 Nf6 7. Bg5 Be7 8. Qxd8+ Rxd8 9. Nbd2 Bxf3 10. Bxf3 Nd4 11. Bd1 0-0 12. Bxf6 Bxf6 13. c3 Nb5 14. Bc2 Nxc3 15. bxc3 Bxc3 16. Rd1 Rd7 17. Ke2 Bb4 18. Nc4 Re7 19. a3 Bc5 20. Rd5 b6 21. Rhd1 Rfe8 22. Kf1 c6 23. Rd8 Kf8 24. Rxe8+ Kxe8 25. f3 Re6 26. a4 b5 27. Nb2 a5 28. Bb3 Rg6 29. Nd3 Bd6 30. h3 b4 31. Rc1 Be7 32. Ne5 Rf6 33. Rxc6 Rxc6 34. Nxc6 Bd8 35. Nxd8 Kxd8 36. Bxf7 Kc7 37. Ke2 Kd6 38. Kd3 Kc5 39. Bb3 h6 40. h4 Kd6 41. Kd4 g5 42. hxg5 hxg5 43. g3 Ke7 44. f4 Kf6 45. f5 1-0

[Event "Recklinghausen op 16th"]
[Site "Recklinghausen"]
[Date "2006.10.09"]
[Round "1"]
[White "Effenberg, Michael"]
[Black "Lange, Hans Werner"]
[Result "1/2-1/2"]
[WhiteElo "953"]
[BlackElo "1576"]
[PlyCount "159"]
[EventDate "2006.10.07"]
[EventType "swiss"]
[EventRounds "7"]
[EventCountry "GER"]
[SourceTitle "CBM 114 Extra"]
[Source "ChessBase"]
[SourceDate "2006.11.03"]
[SourceVersion "1"]
[SourceVersionDate "2006.11.03"]
[SourceQuality "1"]

1. d4 Nf6 2. c4 g6 3. Nc3 Bg7 4. e4 d6 5. Nf3 0-0 6. Bd3 Nc6 7. d5 Nb4 8. Be3 Bg4 9. Be2 Bxf3 10. Bxf3 c6 11. 0-0 cxd5 12. cxd5 Qd7 13. Be2 a5 14. a3 Na6 15. Rc1 Rfc8 16. Bb6 e6 17. Bxa5 Nc5 18. e5 Nxd5 19. Nxd5 exd5 20. Bb4 Bxe5 21. Qxd5 b6 22. h3 Qe7 23. Rc2 Qf6 24. Bf3 Ra7 25. Rd1 Rac7 26. Bxc5 Rxc5 27. Rxc5 Rxc5 28. Qa8+ Kg7 29. b4 Rc2 30. Qd5 Qh4 31. Rf1 Bd4 32. g3 Qxg3+ 33. Bg2 Qf4 34. Qf3 Qe5 35. Qe4 Qxe4 36. Bxe4 Ra2 37. b5 Rxa3 38. Rd1 Ra1 39. Rxa1 Bxa1 40. Kg2 f5 41. Bc6 Kf6 42. f4 Bc3 43. h4 Bd2 44. Kf3 Be1 45. h5 gxh5 46. Bd5 h4 47. Kg2 Bg3 48. Kf3 Bh2 49. Ke3 h3 50. Kf3 Bg1 51. Kg3 h2 52. Kh4 h1Q+ 53. Bxh1 Bh2 54. Kh3 Bxf4 55. Kg2 Ke5 56. Kf2 Kd4 57. Ke2 d5 58. Bg2 h5 59. Bh3 Ke4 60. Bg2+ Ke5 61. Kd3 h4 62. Bh3 Bh2 63. Ke3 f4+ 64. Kd3 Bg1 65. Bg4 Be3 66. Bf3 h3 67. Bh1 Kf5 68. Bxd5 Kg5 69. Ke2 Kg4 70. Kf1 Kg3 71. Ke2 h2 72. Be4 Bg1 73. Bd5 Kg4 74. Be4 Kg5 75. Bf3 Kf5 76. Bh1 Ke5 77. Kd3 Kf5 78. Ke2 Kg4 79. Bc6 Be3 80. Be4 1/2-1/2